[Event "Budapest Vezerkepzo Schev"]
[Site "Budapest"]
[Date "2021.09.21"]
[Round "8.1"]
[White "Poor, Sandor"]
[Black "Bernula, Istvan"]
[Result "1/2-1/2"]
[WhiteElo "1971"]
[BlackElo "1871"]
[PlyCount "98"]
[EventDate "2021.09.15"]
[EventType "tourn"]
[EventRounds "10"]
[EventCountry "HUN"]
[SourceTitle "EXT 2023"]
[Source "ChessBase"]
[SourceDate "2022.10.05"]
[SourceVersion "1"]
[SourceVersionDate "2022.10.05"]
[SourceQuality "1"]
[WhiteTeam "Team 1"]
[BlackTeam "Team 2"]
[WhiteTeamCountry "HUN"]
[BlackTeamCountry "HUN"]

1. d4 Nf6 2. c4 c5 3. d5 b5 4. cxb5 a6 5. e3 d6 6. Nc3 g6 7. e4 Bg7 8. a4 0-0 9. Be2 axb5 10. Bxb5 Ba6 11. Bxa6 Nxa6 12. Nf3 Nb4 13. 0-0 Nd7 14. Qe2 Qb6 15. Bg5 Rfe8 16. Rfd1 h6 17. Be3 Reb8 18. h3 Kh7 19. Ra3 Na6 20. Nb5 Nc7 21. Nxc7 Qxc7 22. b3 Qb7 23. Qc2 Qb4 24. Bc1 Nb6 25. Nd2 Rc8 26. Nc4 Nxc4 27. Qxc4 Qxc4 28. bxc4 Ra6 29. Bd2 Rb8 30. a5 Rb2 31. g3 Bd4 32. Kg2 Rc2 33. Ra4 Rb2 34. Be1 Kg7 35. Rd2 Rb1 36. Re2 Kf6 37. f4 Rb3 38. Bf2 Bxf2 39. Kxf2 Rb4 40. Rea2 g5 41. Rxb4 cxb4 42. Ra4 b3 43. Rb4 b2 44. Rxb2 Rxa5 45. Rb3 gxf4 46. gxf4 Ra2+ 47. Ke3 Rh2 48. Kd4 Rf2 49. Ke3 Rh2 1/2-1/2

[Event "HUN-chT2 Breyer 1819"]
[Site "Hungary"]
[Date "2019.02.24"]
[Round "6.9"]
[White "Bernula, Istvan"]
[Black "Szakaly, Botond"]
[Result "1-0"]
[WhiteElo "1848"]
[BlackElo "1737"]
[PlyCount "103"]
[EventDate "2018.10.28"]
[EventType "team-tourn"]
[EventRounds "9"]
[EventCountry "HUN"]
[SourceTitle "CBM 189 Extra"]
[Source "ChessBase"]
[SourceDate "2019.06.03"]
[SourceVersion "1"]
[SourceVersionDate "2019.06.03"]
[SourceQuality "1"]
[WhiteTeam "Torokbalint"]
[BlackTeam "Paty"]
[WhiteTeamCountry "HUN"]
[BlackTeamCountry "HUN"]

1. e4 e5 2. Nf3 Nc6 3. Bc4 Bc5 4. 0-0 Nf6 5. d3 d6 6. c3 Bg4 7. h3 Bh5 8. b4 Bb6 9. a4 a6 10. Bg5 h6 11. Be3 0-0 12. Nbd2 d5 13. Bxb6 cxb6 14. exd5 Nxd5 15. Qc2 f6 16. Rad1 Bf7 17. g3 Qd7 18. Kg2 Rad8 19. Rh1 Nde7 20. Bxf7+ Rxf7 21. Nb3 Qe6 22. Rhe1 Qc8 23. Qb2 Nd5 24. d4 exd4 25. Nbxd4 Nxd4 26. Rxd4 Rfd7 27. Red1 Kh8 28. Qd2 b5 29. axb5 axb5 30. Qd3 Qc6 31. Kh2 Nb6 32. Nh4 Rxd4 33. cxd4 Nd5 34. Ng6+ Kg8 35. Qf5 Re8 36. Nf4 Nxf4 37. Qxf4 Qc4 38. d5 Rd8 39. Rd4 Qc8 40. d6 Qe6 41. Qd2 Rd7 42. Rd5 b6 43. f4 g6 44. g4 f5 45. Kg3 Kf7 46. Rd3 h5 47. gxh5 gxh5 48. Qd1 Kg6 49. Kf2 Kh6 50. Qa1 Rxd6 51. Qh8+ Kg6 52. Rg3+ 1-0

[Event "Budapest FS08 FM-A1"]
[Site "Budapest"]
[Date "2011.08.11"]
[Round "6"]
[White "Bernula, Istvan"]
[Black "Jensen, Leif Haugaard"]
[Result "0-1"]
[WhiteElo "1877"]
[BlackElo "2032"]
[PlyCount "52"]
[EventDate "2011.08.06"]
[EventType "tourn"]
[EventRounds "9"]
[EventCountry "HUN"]
[SourceTitle "CBM 143 Extra"]
[Source "ChessBase"]
[SourceDate "2011.08.29"]
[SourceVersion "1"]
[SourceVersionDate "2011.08.29"]
[SourceQuality "1"]

1. e4 e6 2. d4 d5 3. exd5 exd5 4. Nf3 Nf6 5. c4 Bb4+ 6. Nc3 0-0 7. a3 Bxc3+ 8. bxc3 c6 9. Bg5 h6 10. Bh4 g5 11. Bg3 Ne4 12. Qc2 Re8 13. 0-0-0 Bf5 14. Qb2 Qa5 15. Qb4 Qxb4 16. cxb4 Nd7 17. h4 g4 18. Nh2 Nc3 19. Rd2 Re1+ 20. Kb2 Na4+ 21. Kb3 Ndb6 22. Bd3 dxc4+ 23. Ka2 Nc3+ 24. Kb2 Nba4+ 25. Kc2 Bxd3+ 26. Rxd3 cxd3+ 0-1

[Event "Budapest-chT1 Lilienthal 1011"]
[Site "Budapest"]
[Date "2010.10.31"]
[Round "3"]
[White "Bernula, Istvan"]
[Black "Bakos, Daniel"]
[Result "0-1"]
[WhiteElo "1870"]
[BlackElo "1870"]
[PlyCount "142"]
[EventDate "2010.09.19"]
[EventType "team-tourn"]
[EventRounds "11"]
[EventCountry "HUN"]
[SourceTitle "EXT 2020"]
[Source "ChessBase"]
[SourceDate "2019.10.17"]
[SourceVersion "1"]
[SourceVersionDate "2019.10.17"]
[SourceQuality "1"]
[WhiteTeam "Budapest EAC III"]
[BlackTeam "Hid Unio"]
[WhiteTeamCountry "HUN"]
[BlackTeamCountry "HUN"]

1. e4 e6 2. d4 d5 3. Nc3 Bb4 4. e5 Ne7 5. Bd3 c5 6. Qg4 Ng6 7. a3 Bxc3+ 8. bxc3 c4 9. Bxg6 hxg6 10. Nf3 Nc6 11. 0-0 Qa5 12. Bd2 Ne7 13. Rfb1 b6 14. Ng5 Bd7 15. Qf3 Nf5 16. g4 Nh6 17. h4 0-0-0 18. Nxf7 Nxf7 19. Qxf7 Rxh4 20. Qxg6 Rdh8 21. Qxg7 Qa4 22. Rc1 R4h7 23. Qf6 Kb7 24. Kg2 Rh2+ 25. Kf3 Qc6 26. Be3 Qc8 27. Qe7 R8h7 28. Qf6 Qg8 29. Ke2 Rf7 30. g5 Rxf6 31. exf6 Qg6 32. Kd2 Ba4 33. Ra2 Bxc2 34. Rcxc2 Rh1 35. Ke2 Qd3+ 36. Kf3 Re1 37. Kg3 Rg1+ 38. Kf3 Qe4+ 39. Ke2 Qg4+ 40. f3 Qg2+ 41. Bf2 Qf1+ 42. Ke3 Qd3+ 43. Kf4 Qf5+ 44. Ke3 Qxg5+ 45. f4 Rg3+ 46. Bxg3 Qxg3+ 47. Ke2 Qxf4 48. Ke1 Qxf6 49. Re2 Kc6 50. a4 Qh6 51. Rac2 Qh1+ 52. Kf2 Kd6 53. Kg3 Qa1 54. Re5 Qxa4 55. Rce2 Qe8 56. Kf2 a5 57. Ke1 Qe7 58. Kd1 Kd7 59. Kc2 b5 60. Kb2 b4 61. cxb4 axb4 62. Kc2 Qf6 63. Kb2 Qe7 64. Kc2 Qd6 65. Kb2 Qb6 66. Kc2 b3+ 67. Kc3 Qa5+ 68. Kb2 Qa2+ 69. Kc3 Qa1+ 70. Kd2 c3+ 71. Kd3 b2 0-1